Estado de arte sobre cedro (Juniperus flaccida Schlechtendal) y su potecial uso con fines de restauración ecológica / (Record no. 220047)
[ view plain ]
| 000 -CABECERA | |
|---|---|
| campo de control de longitud fija | 03454nam a2200337 a 4500 |
| 003 - IDENTIFICADOR DEL NÚMERO DE CONTROL | |
| campo de control | OSt |
| 005 - FECHA Y HORA DE LA ÚLTIMA TRANSACCIÓN | |
| campo de control | 20250807094240.0 |
| 007 - CAMPO FIJO DE DESCRIPCIÓN FÍSICA--INFORMACIÓN GENERAL | |
| campo de control de longitud fija | cr ||||||a|c|a |
| 008 - DATOS DE LONGITUD FIJA--INFORMACIÓN GENERAL | |
| campo de control de longitud fija | 240801s2022 mx a|||fom||| 001 0 spa d |
| 040 ## - FUENTE DE LA CATALOGACIÓN | |
| Normas de descripción | rda |
| 100 1# - ENTRADA PRINCIPAL--NOMBRE DE PERSONA | |
| Nombre de persona | Sandoval Avilez, Juan Antonino |
| 9 (RLIN) | 185928 |
| 245 10 - MENCIÓN DE TÍTULO | |
| Título | Estado de arte sobre cedro (Juniperus flaccida Schlechtendal) y su potecial uso con fines de restauración ecológica / |
| Mención de responsabilidad, etc. | por Juan Antonino Sandoval Avilez; director de tesis Dante Arturo Rodríguez Trejo; secretario Enrique Guízar Nolazco; vocal María Guadalupe Vargas Cabrera; suplente José Armando Vera Castillo; suplente José Tulio Méndez Montiel. |
| 264 #1 - PRODUCCIÓN, PUBLICACIÓN, DISTRIBUCIÓN, FABRICACIÓN Y COPYRIGHT | |
| Producción, publicación, distribución, fabricación y copyright | Chapingo, México : |
| Nombre del de productor, editor, distribuidor, fabricante | El autor, |
| Fecha de producción, publicación, distribución, fabricación o copyright | 2022. |
| 300 ## - DESCRIPCIÓN FÍSICA | |
| Extensión | 1 recurso en línea (130 páginas): |
| Otras características físicas | figuras, cuadros. |
| 336 ## - TIPO DE CONTENIDO | |
| Fuente | rdacontent |
| Término de tipo de contenido | texto |
| Código de tipo de contenido | txt |
| 337 ## - TIPO DE MEDIO | |
| Fuente | rdamedia |
| Nombre/término del tipo de medio | computadora |
| Código del tipo de medio | c |
| 338 ## - TIPO DE SOPORTE | |
| Fuente | rdacarrier |
| Nombre/término del tipo de soporte | recurso en línea |
| Código del tipo de soporte | cr |
| 502 ## - NOTA DE TESIS | |
| Tipo de título | Ingeniería en Restauración Forestal |
| Nombre de la institución que otorga el título | División de Ciencias Forestales, |
| Año de obtención del título | 2022. |
| Información miscelánea | Licenciatura |
| 504 ## - NOTA DE BIBLIOGRAFÍA, ETC. | |
| Nota de bibliografía, etc. | Incluye referencias bibliográficas: páginas 112-126. |
| 520 ## - SUMARIO, ETC. | |
| Sumario, etc. | Parte importante de las acciones de restauración ecológica es la reforestación; es sabido que el uso de especies nativas acelera el proceso de sucesión ecológica. Juniperus flaccida es una especie nativa de México que muestra adaptaciones y características destacables en el posible desarrollo de estas actividades. En el caso de muchas especies nativas la reunión de información está desactualizada y dispersa, de tal modo que su aplicación en planes de recuperación de sus poblaciones se encuentra comprometida. El objetivo del presente documento es presentar un estado del arte de J. flaccida para evidenciar y proponer su uso potencial como especie para la restauración ecológica en las áreas del país en las que se encuentra distribuida. La revisión se hizo principalmente en medios digitales y físicos de información con carácter científico. Las fuentes fueron internet y las bibliotecas de la Universidad Autónoma Chapingo. Como principales resultados se encontró que es en los últimos 13 años cuando se han estudiado aspectos ecológicos, fisiológicos, incluso taxonómicos, muy importantes para el entendimiento de la especie, anterior a esto, la bibliografía que menciona J. flaccida solo se limitaba a su descripción ecológica (someramente) y taxonómica. Se encontró que la especie efectivamente tiene uso potencial como especie de restauración y reforestación ya que es resistente a suelos erosionados, es tolerante a sequías prolongadas, tiene bajos requerimientos de materia orgánica y nutrientes, tiene buen desempeño en la captura de carbono, presenta características fisiológicas que la harán una especie resiliente al cambio climático actual y, además, tiene usos ornamentales, maderables y tradicionales. |
| 650 #4 - PUNTO DE ACCESO ADICIONAL DE MATERIA--TÉRMINO DE MATERIA | |
| Término de materia o nombre geográfico como elemento de entrada | Juniperus flaccida |
| Subdivisión general | Distribución geográfica |
| 9 (RLIN) | 186024 |
| 650 #4 - PUNTO DE ACCESO ADICIONAL DE MATERIA--TÉRMINO DE MATERIA | |
| Término de materia o nombre geográfico como elemento de entrada | Juniperus flaccida |
| Subdivisión general | Propiedades y usos |
| 9 (RLIN) | 186025 |
| 650 #4 - PUNTO DE ACCESO ADICIONAL DE MATERIA--TÉRMINO DE MATERIA | |
| Término de materia o nombre geográfico como elemento de entrada | Restauración de bosques |
| 9 (RLIN) | 149749 |
| 700 1# - PUNTO DE ACCESO ADICIONAL--NOMBRE DE PERSONA | |
| Nombre de persona | Rodríguez Trejo, Dante Arturo |
| 9 (RLIN) | 98938 |
| Término indicativo de función/relación | Director de tesis. |
| 700 1# - PUNTO DE ACCESO ADICIONAL--NOMBRE DE PERSONA | |
| Nombre de persona | Guízar Nolazco, Enrique |
| 9 (RLIN) | 51520 |
| Término indicativo de función/relación | Secretario. |
| 700 1# - PUNTO DE ACCESO ADICIONAL--NOMBRE DE PERSONA | |
| Nombre de persona | Vargas Cabrera, María Guadalupe |
| 9 (RLIN) | 185890 |
| Término indicativo de función/relación | Vocal. |
| 700 0# - PUNTO DE ACCESO ADICIONAL--NOMBRE DE PERSONA | |
| Nombre de persona | Vera Castillo, José Amando Gil |
| Término indicativo de función/relación | Suplente. |
| 9 (RLIN) | 118764 |
| 700 1# - PUNTO DE ACCESO ADICIONAL--NOMBRE DE PERSONA | |
| Nombre de persona | Méndez Montiel, José Tulio |
| 9 (RLIN) | 76543 |
| Término indicativo de función/relación | Suplente. |
| 856 ## - LOCALIZACIÓN Y ACCESO ELECTRÓNICOS | |
| Identificador Uniforme del Recurso | http://10.13.5.2/tesis/tl/2022_FO_Sandoval_Avilez_JuanAntonino.pdf |
| Nota pública | DESCARGAR PDF |
| 942 ## - ELEMENTOS DE PUNTO DE ACCESO ADICIONAL (KOHA) | |
| Fuente del sistema de clasificación o colocación | Clasificación Universidad Autónoma Chapingo |
| Tipo de ítem Koha | Tesis digital |
| Estado de retiro | Estado de pérdida | Fuente del sistema de clasificación o colocación | Estado dañado | Restricciones de uso | No para préstamo | Código de colección | Localización permanente | Ubicación/localización actual | Ubicación en estantería | Fecha de adquisición | Total de préstamos | Signatura topográfica completa | Fecha visto por última vez | Precio válido a partir de | Tipo de ítem Koha |
|---|---|---|---|---|---|---|---|---|---|---|---|---|---|---|---|
| Clasificación Universidad Autónoma de Chapingo | Préstamo interno | Tesis digitales de Licenciatura | Biblioteca Digital | Biblioteca Digital | En línea | 01/08/2024 | Tesis digital | 01/08/2024 | 01/08/2024 | Tesis digital |
